Estatísticas para Todas as obras de Agatha Christie

Clique aqui para jogar o quiz

Estatísticas Gerais

  • Esse quiz foi jogado 12 vezes
  • A pontuação média é 23 de 83

Estatísticas das Respostas

HintResposta% Correto
1936Morte na Mesopotâmia
100%
1937Morte no Nilo
100%
1936Os crimes ABC
100%
1934Assassinato no Expresso do Oriente
71%
1972Os elefantes não esquecem
71%
1942Um corpo na biblioteca
71%
1949A casa torta
57%
1939É fácil matar
57%
1941M ou N?
57%
1920O misterioso caso de Styles
57%
1938O natal de Poirot
57%
1930Assassinato na casa do pastor
43%
1975Cai o pano
43%
1950Convite para um homicídio
43%
1939E não sobrou nenhum
43%
1969Noite das bruxas
43%
1967Noite sem fim
43%
1924O homem do terno marrom
43%
1928O mistério do trem azul
43%
1943Os cinco porquinhos
43%
1934Por que não pediram à Evans?
43%
1945Um brinde de cianureto
43%
1932A casa do penhasco
29%
1962A maldição do espelho
29%
1937Assassinato no beco
29%
1957A testemunha ocular do crime
29%
1953Cem gramas de centeio
29%
1940Cipreste triste
29%
1953Depois do funeral
29%
1935Morte nas nuvens
29%
1926O assassinato de Roger Ackroyd
29%
1961O cavalo amarelo
29%
1929O mistério dos sete relógios
29%
1963Os relógios
29%
1932Os treze problemas
29%
1933Treze à mesa
29%
1976Um crime adormecido
29%
1959Um gato entre os pombos
29%
1960A aventura do pudim de natal
14%
1956A extravagância do morto
14%
1946A mansão Hollow
14%
1942A mão misteriosa
14%
1971A mina de ouro
14%
1952A morte da Sra. McGinty
14%
1931A morte do almirante
14%
1923Assassinato no campo de golfe
14%
1954A teia da aranha
14%
1966A terceira moça
14%
1946Desenterrando o passado
14%
1938Encontro com a morte
14%
1945E no final a morte
14%
1944Hora zero
14%
1964Mistério no Caribe
14%
1941Morte na praia
14%
1955Morte na rua Hickory
14%
1971Nêmesis
14%
1983O cadáver atrás do biombo
14%
1965O caso do Hotel Bertram
14%
1934O detetive Parker Pine
14%
1922O inimigo secreto
14%
1931O mistério de Sittaford
14%
1930O misterioso Sr. Quin
14%
1925O segredo de Chimneys
14%
1974Os primeiros casos de Poirot
14%
1927Os quatro grandes
14%
1947Os trabalhos de Hércules
14%
1949Os três ratos cegos e outras histórias
14%
1970Passageiro para Frankfurt
14%
1937Poirot perde uma cliente
14%
1973Portal do destino
14%
1958Punição para inocência
14%
1948Seguindo a correnteza
14%
1929Sócios no crime
14%
1954Testemunha de acusação
14%
1935Tragédia em três atos
14%
1940Uma dose mortal
14%
1954Um destino ignorado
14%
1952Um passe de mágica
14%
1968Um pressentimento funesto
14%
1936Cartas na mesa
0%
1951Intriga em Bagdá
0%
1924Poirot investiga
0%
1939Um acidente e outras histórias
0%

Distribuição das Pontuações

Percentil de Números Respondidos

Porcentagem de Pessoas com Cada Pontuação

Sua Pontuação Histórica

Você não jogou esse quiz